MDQL
is popping MORE tags! Check the
thread
!
Quizzes
Events
Quiz Creation
Community
Videos
Private Events
Remove Ads
Sign In
Join for FREE
Feedback
Dark Mode
Quiz Categories
Sports
Geography
Music
Movies
Television
Just For Fun
Miscellaneous
History
Literature
Language
Science
Gaming
Entertainment
Religion
Holiday
For Kids
Quiz Lab
Recent
Popular Today
Quiz Kudos Today
Editor Picks
Curator Picks
Quizzes by...
Day
Popularity
Type
Ratings
Length
Year
Community
Subscriptions
Recent Discussions
Orange Saloon
Badges
Playlists
Quests
Create
Leaderboards
Showdown
Live 5
Trivia Bingo
Activity
Puzzle Library
Sporcle Events
Private Events
Virtual Trivia
Globe League
Become a Host
Pub Owners
SporcleCon
Opinionation
Our Games
Videos
Blog
Mobile Apps
Partnerships
Remove Ads and Go Orange
Feedback
Geography
Country
Landmarks
City
State
Population
World
Capital
Continent
Flags
Europe
Africa
Asia
South America
North America
Oceania
Border
Canada
United Kingdom
Topography
United States
Geography
Country
Landmarks
City
State
Population
World
Capital
Continent
Flags
Europe
Africa
Asia
South America
North America
Oceania
Border
Canada
United Kingdom
Topography
United States
Random Quiz
Search Sporcle
×
Quiz Lab
Quiz Lab
Geography
Country
Type in answers that appear in a list
Type in answers that appear in a list
Classic
Best Score? Go Orange.
Lowest Maternal Mortality Rate Countries Stats
Can you name the countries with the lowest maternal mortality rate?
By
teggers
5m
53 Questions
91 Plays
91 Plays
91 Plays
Comments
Comments
Give Quiz Kudos
Give Quiz Kudos
-
- Ratings
hide this ad
Replay
Link that replays current quiz
Next Quiz
Link to next quiz in quiz playlist
You Got
0%
They Got
Avg Score
80%
Avg Friend Score
Upgrade to see
Score Distribution
Jump to the score distribution portion of the page
Score
0/53
Timer
05:00
0
Plays Today
Continent
Country
% Correct
Europe
United Kingdom
94.5%
Europe
Sweden
93.4%
Europe
Austria
92.3%
Asia
Japan
92.3%
Europe
Ireland
92.3%
Oceania
Australia
92.3%
Europe
Portugal
92.3%
Europe
Denmark
92.3%
North America
Canada
92.3%
Oceania
New Zealand
92.3%
North America
United States
92.3%
Europe
Finland
91.2%
Europe
Norway
91.2%
Europe
France
91.2%
Europe
Spain
90.1%
Europe
Italy
89%
Europe
Netherlands
89%
Europe
Germany
89%
Europe
Luxembourg
89%
Asia
Singapore
87.9%
Europe
Iceland
87.9%
Europe
Switzerland
87.9%
Europe
Belgium
85.7%
Europe
Greece
83.5%
Europe
Slovakia
83.5%
Asia
South Korea
83.5%
Europe
Estonia
82.4%
Continent
Country
% Correct
Europe
Poland
82.4%
Asia
Israel
81.3%
Europe
Malta
81.3%
Europe
Slovenia
81.3%
Europe
Czech Republic
79.1%
Asia
Qatar
79.1%
Europe
Serbia
79.1%
Europe
Croatia
79.1%
Europe
Hungary
79.1%
Asia
Saudi Arabia
79.1%
Europe/
Asia
Turkey
78%
Europe
Lithuania
76.9%
Europe
Cyprus
75.8%
Asia
UAE
73.6%
Asia
Kuwait
72.5%
Europe
Bulgaria
71.4%
South America
Chile
71.4%
Europe
Macedonia
70.3%
Europe
Bosnia Herzegovina
69.2%
Asia
Bahrain
69.2%
Europe
Montenegro
68.1%
Asia
Iran
58.2%
Asia
Brunei
57.1%
Asia
Lebanon
52.7%
Oceania
Kiribati
36.3%
North America
Grenada
27.5%
Quiz Playlist
Details
Report
Send in Message
Add To Playlist
Classic:
Type in answers that appear in a list
Quiz Source
Last Updated: Feb 16, 2017
Quiz Scoreboard
CHALLENGE
Sign Up to Join the Scoreboard
Show All
Scores
Hide
Comments
May contain spoilers
Recently Published
Holiday 10x10 Sorting Gallery
by lukepisani3
Holiday
15m
Two Season TV Shows II
by 123Four
Television
10m
Image Sorting: Flags VI
by Barbecue
Geography
2m
More to Explore
Quiz From the Vault
Featured Blog Post
14 Easter Pick-up Lines to Find Eggs With
hide this ad
You Might Also Like...
Tags
Continent Quiz
Country Quiz
100
birth
death
Live
Lowest
Mortality
rate
Today's Top Quizzes in Geography
Browse Geography
hide this ad
Today's Top Quizzes in Country
Browse Country
Top Contributed Quizzes in Geography
1
Colored Red Europe Blitz I
2
Countries of the World - No Outlines Minefield
3
Colored Red Africa Blitz II
4
Colored Red Europe Blitz II
5
Colored Red Europe Blitz III
6
Colored Red Africa Blitz III
7
Colored Red States Blitz I
8
Colored Red States Blitz II
9
A Different View: World Oceans
10
Colored Red States Blitz III
Explore More
Trending Topics
Crossword
Marvel
NBA
Anime
Harry Potter
Disney
Kpop
Song
Puzzle
Country
Soccer
Pokémon
The Office
NFL
WWE
hide this ad
More By:
teggers
Quiz
Plays
Rating
Category
Featured
Created
Most Visited European Countries
121,144
3.70
Geography
Dec 12, 2015
Most Visited Asian Countries
87,681
4.40
Geography
Dec 12, 2015
Most Visited American Countries
82,848
4.65
Geography
Dec 13, 2015
Cucumber Producing Countries
57,911
4.58
Geography
Jul 12, 2013
Top 10 Richest Countries in North America
48,502
4.20
Geography
Apr 1, 2013
Go to Creator's Profile
Score Distribution
Quiz Creator Spotlight
teggers
Follow
Send a Message
Quizzes Created
-
Created Quiz Play Count
-
More By This Creator
Popular Quizzes Today
1
Find the US States - No Outlines Minefield
2
Colored Red Africa Blitz
3
Find the 'City' Movie
4
The Countries of the World
5
5x2 Blitz: Bands
6
Find the Countries of Europe - No Outlines Minefield
7
Find the US States
8
US States
More Geography Quizzes
Manhattan Neighborhoods
Quiz Lab
Trending Quizzes
Colored Red Europe Blitz I
Colored Red Africa Blitz II
Colored Red Europe Blitz II
Even More Two Season TV Shows
Colored Red Africa Blitz III
Recently Updated
Odd Team Out - Big 4 Players
pecheneg
Quick Pick: 20 Twenties
pecheneg
March Madness Men's Triple Doubles
pecheneg
How Do You Spell That?
pecheneg
Godzilla Movies
pecheneg
Grab Bag: 4-10 Letters
pecheneg
2024 March Madness Bracket
pecheneg
Famous TV Couples
Peacemaker
Champions League XIs: Real Madrid
pecheneg
Largest US Cities 1790-2010
pecheneg
Trending Topics
Anime
NBA
Harry Potter
Crossword
Marvel
Disney
Kpop
Puzzle
NFL
The Office
Country
Song
WWE
Pokémon
Soccer
Your Account Isn't Verified!
In order to create a playlist on Sporcle, you need to verify the email address you used during registration. Go to your
Sporcle Settings
to finish the process.
Report this User
Report this user for behavior that violates our
Community Guidelines
.
Details:
Send Report
Go to the Sporcle.com Mobile Site →
Comments